افکار مشاہیر تعلیم (Record no. 2683)

MARC details
000 -LEADER
fixed length control field 00402nam a2200169Ia 4500
003 - CONTROL NUMBER IDENTIFIER
control field OSt
005 - DATE AND TIME OF LATEST TRANSACTION
control field 20231101141123.0
008 - FIXED-LENGTH DATA ELEMENTS--GENERAL INFORMATION
fixed length control field 230312s9999||||xx |||||||||||||| ||und||
040 ## - CATALOGING SOURCE
Transcribing agency abc
082 ## - DEWEY DECIMAL CLASSIFICATION NUMBER
Classification number 158
Item number AFQ
245 #0 - TITLE STATEMENT
Title افکار مشاہیر تعلیم
260 ## - PUBLICATION, DISTRIBUTION, ETC.
Name of publisher, distributor, etc. Pakistan Education Foundation
Place of publication, distribution, etc. Islamabad
Date of publication, distribution, etc. 2000
300 ## - PHYSICAL DESCRIPTION
Extent 378
546 ## - LANGUAGE NOTE
Language note Eng.
650 ## - SUBJECT ADDED ENTRY--TOPICAL TERM
Topical term or geographic name entry element Literature
942 ## - ADDED ENTRY ELEMENTS (KOHA)
Koha item type BOOK
Source of classification or shelving scheme Dewey Decimal Classification
Holdings
Withdrawn status Lost status Source of classification or shelving scheme Damaged status Not for loan Collection Home library Current library Date acquired Total Checkouts Full call number Barcode Date last seen Price effective from Koha item type
    Dewey Decimal Classification     Literature/Urdu/eng/Islamic Superior Information Resource Center (SIRC) Superior University- Central Library Superior Information Resource Center (SIRC) Superior University- Central Library 03/13/2023   158 AFQ 2000 2696 03/13/2023 03/13/2023 BOOK

Powered by Koha